000 01078nac a22002171u 4500
008 100725s ua||||| |||| 001 0 ara d
020 _a9775337011
082 _a210
_bر ا ف
_222
100 _aرافع ، عائشة
_916734
245 _aبل أزمة الروح /
_cعائشة رافع
260 _aالأسكندرية:
_bدار صادق ، 1992
_cc1992.
300 _a62 ص ;
_c18 سم
511 _aCatalogued by: Sara
541 _aمكتبة الاسكندرية ؛
_cإهداء؛
650 _aالمسلمون
_915170
650 _aالإسلام
_913667
942 _cBB
_k210 ر ا ف
_2ddc
999 _c6647
_d6647